000 00749nam a2200241Ia 4500
001 Z_5816
003 CHAP
008 220113s2009 xx 000 0 und d
010 _a169016
040 _cCHAP
090 _aTesis F 2142
100 1 _aFlores Santiago, Ever del Jesús
_941735
245 _aCaracterización de brechas tecnológicas en la finalización de ganado bovino en una explotación localizada en el sur del estado de Veracruz /
_cEver de Jesús Flores Santiago
260 _aChapingo, Méx. :
_bEl autor,
_c2009
300 _a60 h.
502 _aTesis (Ing. Agr. Esp. en zootecnia). UACH. Departamento de Zootecnia
901 _aTESIS F 2142
902 _aA
910 _a2009
942 _c2
942 _c2
999 _c169016
_d169016